000 00437nam a22001817a 4500
003 CEME
005 20210628210210.0
008 210129b xxu||||| |||| 00| 0 eng d
020 _a969-35-0448-8
040 _c.
082 _a891.4393 ASH
100 _aAshfaq Ahmad
_93162
245 _aAik mohabbat sau afsanay
260 _aLAHORE
_bSANG-E-MEEL
_c2001
300 _a212P
650 _aURDU ADAB-AFSANAY
_958964
942 _cBK
_2ddc
999 _c583595
_d583595